[Event "29th CRO-chT Junior 2020"]
[Site "Cakovec"]
[Date "2020.07.14"]
[Round "2.11"]
[White "Tomljanovic, Ivano"]
[Black "Borzan, Matej"]
[Result "0-1"]
[WhiteElo "1393"]
[BlackElo "1746"]
[Annotator "NA RC"]
[PlyCount "90"]
[EventDate "2020.07.14"]
[EventType "team-tourn"]
[EventCountry "CRO"]
[SourceTitle "playchess.com"]
[Source "ChessBase"]
[SourceQuality "1"]
[TimeControl "5400+30"]

1. e4 {[%emt 0:00:30]} d6 {[%emt 0:00:30]} 2. Nf3 {[%emt 0:00:30]} Nf6 {[%emt 0:00:00]} 3. Nc3 {[%emt 0:00:00]} g6 {[%emt 0:00:00]} 4. Bc4 {[%emt 0:00:00]} Bg7 {[%emt 0:00:30]} 5. d3 {[%emt 0:00:30]} O-O {[%emt 0:00:30]} 6. O-O {[%emt 0:00:30]} Nbd7 {[%emt 0:00:00]} 7. Be3 {[%emt 0:05:30]} Ng4 {[%emt 0:00:00]} 8. h3 {[%emt 0:01:30]} Nxe3 {[%emt 0:00:30]} 9. fxe3 {[%emt 0:00:00]} c6 {[%emt 0:01:30]} 10. d4 {[%emt 0:01:00]} e5 {[%emt 0:00:30]} 11. Qe2 {[%emt 0:03:30]} Qb6 {[%emt 0:01:30]} 12. Ng5 {[%emt 0:07:30]} Nf6 {[%emt 0:03:30]} 13. dxe5 {[%emt 0:03:30]} dxe5 {[%emt 0:00:30]} 14. Bb3 {[%emt 0:01:30]} Bd7 {[%emt 0:05:30]} 15. Rad1 {[%emt 0:00:30]} Rad8 {[%emt 0:01:30]} 16. Rfe1 {[%emt 0:02:30]} h6 {[%emt 0:06:30]} 17. Nf3 {[%emt 0:02:30]} Rfe8 {[%emt 0:01:30]} 18. Rd2 {[%emt 0:02:30]} Be6 {[%emt 0:02:30]} 19. Red1 {[%emt 0:03:30]} Bxb3 {[%emt 0:02:30]} 20. axb3 {[%emt 0:00:30]} h5 {[%emt 0:12:30]} 21. Rxd8 {[%emt 0:01:30]} Rxd8 {[%emt 0:00:30]} 22. Rxd8+ {[%emt 0:00:30]} Qxd8 {[%emt 0:00:30]} 23. Nxe5 {[%emt 0:00:30]} Qe7 {[%emt 0:00:30]} 24. Nd3 {[%emt 0:02:30]} Nxe4 {[%emt 0:00:30]} 25. Nxe4 {[%emt 0:00:30]} Qxe4 {[%emt 0:00:30]} 26. Qf3 {[%emt 0:01:30]} Qe7 {[%emt 0:00:30]} 27. b4 {[%emt 0:01:30]} f5 {[%emt 0:09:30]} 28. c3 {[%emt 0:01:30]} Qd6 {[%emt 0:01:30]} 29. Nf4 {[%emt 0:02:30]} Kh7 {[%emt 0:08:30]} 30. h4 {[%emt 0:04:30]} Bh6 {[%emt 0:07:30]} 31. Qf2 {[%emt 0:01:30]} Kg7 {[%emt 0:08:30]} 32. Qg3 {[%emt 0:05:30]} Kf7 {[%emt 0:01:30]} 33. Qf2 {[%emt 0:02:30]} Bxf4 {[%emt 0:00:00]} 34. exf4 {[%emt 0:00:30]} a6 {[%emt 0:01:00]} 35. g3 {[%emt 0:00:30]} Qd3 {[%emt 0:01:30]} 36. Kg2 {[%emt 0:00:30]} Ke6 {[%emt 0:00:30]} 37. Kh3 {[%emt 0:01:30]} Qe4 {[%emt 0:00:30]} 38. Kh2 {[%emt 0:00:30]} Kd5 {[%emt 0:01:30]} 39. Qc5+ {[%emt 0:01:30]} Ke6 {[%emt 0:00:30]} 40. Qf2 {[%emt 0:00:30]} Qd3 {[%emt 0:03:40]} 41. Kg2 {[%emt 0:00:30]} Qc4 {[%emt 0:01:11]} 42. Qd2 {[%emt 0:01:30]} Qd5+ {[%emt 0:00:21]} 43. Qxd5+ {[%emt 0:02:30]} Kxd5 {[%emt 0:00:30]} 44. Kf2 {[%emt 0:00:30]} Kc4 {[%emt 0:00:13]} 45. g4 {[%emt 0:00:30]} hxg4 {[%emt 0:00:14]} 0-1

[Event "29th CRO-chT Junior 2020"]
[Site "Cakovec"]
[Date "2020.07.14"]
[Round "2.12"]
[White "Dankos, Mislav"]
[Black "Kresic, Vid"]
[Result "1/2-1/2"]
[WhiteElo "1274"]
[BlackElo "1216"]
[Annotator "NA RC"]
[PlyCount "59"]
[EventDate "2020.07.14"]
[EventType "team-tourn"]
[EventCountry "CRO"]
[SourceTitle "playchess.com"]
[Source "ChessBase"]
[SourceQuality "1"]
[TimeControl "5400+30"]

1. d4 {[%emt 0:00:30]} d5 {[%emt 0:00:30]} 2. c4 {[%emt 0:00:00]} e6 {[%emt 0:00:30]} 3. Nc3 {[%emt 0:00:00]} Bb4 {[%emt 0:00:30]} 4. Nf3 {[%emt 0:00:30]} Nf6 {[%emt 0:00:00]} 5. Bg5 {[%emt 0:00:30]} h6 {[%emt 0:00:00]} 6. Bh4 {[%emt 0:00:30]} Nc6 {[%emt 0:01:30]} 7. e3 {[%emt 0:00:30]} g5 {[%emt 0:01:30]} 8. Bg3 {[%emt 0:00:30]} Ne4 {[%emt 0:00:30]} 9. Qc2 {[%emt 0:01:30]} f5 {[%emt 0:01:30]} 10. Be5 {[%emt 0:02:30]} Rg8 {[%emt 0:01:30]} 11. cxd5 {[%emt 0:03:30]} exd5 {[%emt 0:01:30]} 12. Bb5 {[%emt 0:00:30]} Bd7 {[%emt 0:01:30]} 13. a3 {[%emt 0:01:30]} Bxc3+ {[%emt 0:00:30]} 14. bxc3 {[%emt 0:00:00]} g4 {[%emt 0:00:30]} 15. Bxc6 {[%emt 0:00:00]} Bxc6 {[%emt 0:00:00]} 16. Nd2 {[%emt 0:01:30]} Qd7 {[%emt 0:01:00]} 17. h4 {[%emt 0:01:30]} g3 {[%emt 0:02:30]} 18. Nxe4 {[%emt 0:00:30]} fxe4 {[%emt 0:00:30]} 19. Bxg3 {[%emt 0:00:30]} Bb5 {[%emt 0:00:30]} 20. a4 {[%emt 0:02:30]} Bd3 {[%emt 0:00:30]} 21. Qb3 {[%emt 0:00:30]} c6 {[%emt 0:00:30]} 22. a5 {[%emt 0:01:30]} Rg6 {[%emt 0:06:30]} 23. Qb4 {[%emt 0:02:30]} Bc4 {[%emt 0:01:30]} 24. Rb1 {[%emt 0:00:30]} Rb8 {[%emt 0:00:30]} 25. Bxb8 {[%emt 0:00:30]} Qg4 {[%emt 0:00:30]} 26. Qb2 {[%emt 0:02:30]} Qxg2 {[%emt 0:00:30]} 27. Rh2 {[%emt 0:00:30]} Qf3 {[%emt 0:00:30]} 28. Bg3 {[%emt 0:04:30]} Rxg3 {[%emt 0:04:30]} 29. fxg3 {[%emt 0:01:30]} Qf1+ {[%emt 0:10:30]} 30. Kd2 {[%emt 0:00:30]} 1/2-1/2

[Event "29th CRO-chT Junior 2020"]
[Site "Cakovec"]
[Date "2020.07.14"]
[Round "2.13"]
[White "Sos, Fran"]
[Black "Damjanovic, Stjepan"]
[Result "1-0"]
[WhiteElo "2024"]
[BlackElo "1867"]
[Annotator "TA"]
[PlyCount "73"]
[EventDate "2020.07.14"]
[EventType "team-tourn"]
[EventCountry "CRO"]
[SourceTitle "playchess.com"]
[Source "ChessBase"]
[SourceQuality "1"]

{[%evp 10,72,3,1,29,21,49,37,31,29,47,44,39,20,8,10,25,8,15,9,15,-21,60,66,74,67,105,101,137,133,149,141,163,169,172,173,178,178,183,150,172,166,171,140,260,218,201,208,330,341,334,217,230,194,381,377,868,540,29994,29995,29996,29997,29998,29999,29999]} 1. e4 c5 2. d3 Nc6 3. f4 g6 4. Nf3 Bg7 5. Be2 Nf6 6. c3 d5 {B21: Sicilian: 2 f4 and Morra Gambit.} 7. e5 Nd7 8. O-O O-O {[#] White is slightly better.} 9. a3 $146 ({Predecessor:} 9. Be3 e6 10. Nbd2 b6 11. d4 Ne7 12. Bf2 Qc7 13. Rc1 c4 14. h3 b5 15. g4 {0-1 (49) Djermic,I (2059)-Bobanac,M (2276) Bosnjaci 2009}) 9... b6 10. d4 Bb7 11. e6 fxe6 12. Ng5 Rf6 13. Bg4 Nf8 14. Re1 Bc8 15. Be3 cxd4 (15... Qc7 $11) 16. cxd4 $14 h6 {[#] White now steadily converts the win.} 17. Nf3 $1 Bd7 18. Ne5 Nxe5 19. fxe5 ({Don't take} 19. dxe5 $6 Rf7 $14) 19... Rf7 20. Qd2 Kh7 21. Nc3 Rc8 22. Rf1 Rxf1+ 23. Rxf1 Be8 24. h4 {[%mdl 1024] White has strong compensation.} b5 25. Be2 Qb6 26. Bd3 a5 (26... b4 $16 {might work better.}) 27. b4 axb4 28. axb4 h5 (28... Ra8 {is a better defense.} 29. h5 Ra6) 29. Ne2 $18 Ra8 30. Nf4 {Black must now prevent Nxh5.} Kg8 31. Rf3 Bh6 $2 (31... Ra1+ 32. Kh2 Ra3) 32. Qf2 {aiming for Nxg6.} Ra3 $2 (32... Bxf4 33. Bxf4 (33. Rxf4 Nh7 $18) 33... Kg7) 33. Nxg6 Rxd3 34. Nxe7+ {White mates.} Kh7 {[#]} 35. Rf7+ $1 {[%mdl 512]} Bxf7 36. Qxf7+ {[%mdl 64] Double Attack} Bg7 37. Qg8# {Accuracy: White = 73%, Black = 49%.} 1-0

[Event "29th CRO-chT Junior 2020"]
[Site "Cakovec"]
[Date "2020.07.14"]
[Round "2.14"]
[White "Juric, Ester"]
[Black "Kanizaj, Benjamin"]
[Result "0-1"]
[WhiteElo "1663"]
[BlackElo "1968"]
[Annotator "TA"]
[PlyCount "150"]
[EventDate "2020.07.14"]
[EventType "team-tourn"]
[EventCountry "CRO"]
[SourceTitle "playchess.com"]
[Source "ChessBase"]
[SourceQuality "1"]

{[%evp 22,150,22,24,28,33,53,49,99,32,50,-7,-7,-47,-39,-55,-45,-72,-7,-16,0,-8,17,11,14,21,8,-67,0,-168,57,41,143,74,108,91,124,109,168,82,257,227,273,256,325,100,139,129,122,122,117,133,172,20,113,30,22,-12,4,-33,-40,-58,61,20,31,37,21,48,131,137,204,190,242,238,293,4,4,2,2,0,8,8,12,0,0,-84,-101,-130,-122,-131,-73,-88,-41,-41,-14,-14,-14,-41,-14,-14,0,-41,0,-14,-20,-40,-9,-9,-9,-9,-9,-9,0,-9,-9,-9,-9,-9,-9,-9,-9,-141,-9,-9,-9,-29979,-29980,-29980,-29981,-29980,-29982]} 1. d4 d5 2. c4 c6 3. cxd5 cxd5 4. Bf4 Nc6 5. e3 Nf6 6. Nc3 a6 7. Bd3 e6 8. Nf3 Bd6 9. Bxd6 Qxd6 10. O-O O-O 11. Rc1 Bd7 12. a3 b5 {D13: Slav Defence: Exchange variation without ...Bf5.} 13. b4 {[#]} Na7 $146 {[%cal Bc6a7,Ba7c8,Bc8b6,Bb6c4][%mdl 32]} ({Predecessor:} 13... Rfc8 14. Qe2 {½-½ (14) Aleksandrov,A (2630)-Zarubitski,V (2425) Batumi 2018}) 14. Ne5 Nc8 {White is slightly better.} 15. Qe2 (15. f4 $16) 15... Nb6 $14 16. h3 (16. f4 $14) 16... Nc4 $11 17. Nxc4 dxc4 18. Bc2 Bc6 19. Rfd1 Bb7 ({Black should play} 19... a5 $17 20. e4 Qe7) 20. e4 Qc6 21. f4 a5 22. Rb1 Rfd8 23. a4 bxa4 24. Bxa4 (24. b5 $11 Qc7 25. Nxa4) 24... Qc7 (24... Qb6 $15 25. e5 Rxd4) 25. Qe3 $2 (25. Bc2 $1 $11 {and White stays safe.}) 25... Bc6 $2 (25... axb4 $1 $19 26. Rxb4 Bxe4 $1 {[%mdl 576] Remove Defender, Deflection} 27. Nxe4 Nd5 {[%mdl 64] Double Attack}) 26. b5 $36 {[%mdl 2048] White is more active.} Be8 (26... Bb7 $14) 27. g4 (27. d5 $142) 27... Qb6 28. Rd2 Ra7 29. Kf2 Rad7 (29... Qb8 $16) 30. Rbd1 (30. Bd1 $18) 30... Rc7 $2 (30... Qb8 $16 {was called for.}) 31. d5 $18 Qxe3+ 32. Kxe3 exd5 33. exd5 $2 (33. e5 $18 {is more deadly.}) 33... Nd7 34. d6 Rb7 35. Rd4 Nb6 36. Bc2 Nc8 37. Rxc4 $2 ({White should try} 37. Be4 $18 Rbd7 38. Bf5 (38. Rxc4 Nxd6 39. Rcd4 Nxe4 $14) 38... Rxd6 39. Ne4 Rxd4 40. Rxd4 Rxd4 41. Kxd4) 37... Bxb5 {[#]} (37... Nxd6 $11 38. Rc5 f6) 38. Nxb5 (38. Rc7 $1 $16 {[%cal Rc7b7]} Ba6 39. Rxb7 Bxb7 40. d7) 38... Rxb5 $11 39. Ra4 Nb6 {And now ...Rb2 would win.} 40. Re4 Nd5+ 41. Kd2 Nb4 (41... Kf8 $1 $15) 42. Ba4 (42. d7 $5 Rxd7+ 43. Ke2 $16) 42... Rd5+ {[%mdl 64] Double Attack} 43. Kc3 {Strongly threatening d7.} Rxd1 44. Bxd1 $14 {[%mdl 4096] Endgame Hoping for Ba4. KRB-KRN} g6 (44... g5 $1 $14) 45. Rd4 $16 Nc6 (45... Rc8+ $16 {keeps fighting.} 46. Kd2 Rd8) 46. Rd5 Kg7 (46... Nb4 $142 47. Rd2 (47. Rxa5 Rxd6 48. Bb3 Na6 $14) 47... Kf8) 47. Ba4 $18 Nb8 48. Rxa5 $2 (48. Kc4 $18) 48... Rxd6 $11 49. Ra8 Rb6 50. Bb3 Nd7 51. Ra7 Rd6 52. Ba4 Nf6 53. Bc2 (53. g5 $11 {keeps the balance.}) 53... Nd5+ $17 54. Kb2 Nxf4 55. Bb3 Ne6 (55... Rf6 $142 56. h4 Nd3+ 57. Ka3 Rf4) 56. Kc3 Nd8 57. g5 Ne6 58. h4 $1 Rc6+ 59. Kd2 Rb6 60. Bc4 Rc6 61. Bb3 Rd6+ 62. Kc3 Nd8 63. Ba2 h6 64. gxh6+ $1 Kxh6 65. Bxf7 Nxf7 66. Rxf7 $11 {KR-KR} Kh5 67. Rf4 Rd1 68. Kc2 Rh1 69. Kd3 Rxh4 70. Rf1 Kg4 {Black wants to play ...Rh3+.} 71. Ke3 {[#]} (71. Rg1+ $1 $11 {was the only way to keep the balance.} Kh5 72. Ke3) 71... Rh2 ({Better is} 71... Rh3+ $1 $17 72. Ke2 g5 73. Rg1+ Rg3) 72. Rf4+ Kg5 {aiming for ...Re2+!} 73. Kf3 $2 {[%mdl 8192] [#]} (73. Rb4 $11) 73... Rf2+ $1 {[%mdl 576] Deflection. Black mates.} 74. Kxf2 Kxf4 75. Kg2 Kg4 {What a fight! Accuracy: White = 54%, Black = 48%.} 0-1

[Event "29th CRO-chT Junior 2020"]
[Site "Cakovec"]
[Date "2020.07.14"]
[Round "2.15"]
[White "Borzan, Andrej"]
[Black "Mandaric, Fran"]
[Result "1-0"]
[WhiteElo "1983"]
[BlackElo "1671"]
[Annotator "TA"]
[PlyCount "87"]
[EventDate "2020.07.14"]
[EventType "team-tourn"]
[EventCountry "CRO"]
[SourceTitle "playchess.com"]
[Source "ChessBase"]
[SourceQuality "1"]

{[%evp 12,87,22,26,26,3,23,1,116,28,30,27,30,22,76,86,95,37,97,95,136,120,113,42,185,190,216,130,221,204,214,216,326,240,439,409,414,185,552,535,501,314,519,336,361,322,314,314,6008,6307,5314,5293,3020,2002,29982,29983,29983,29984,29984,29985,29985,29986,29986,29987,29987,29988,29988,29989,29989,29990,29991,29992,29992,29991,29996,29997,29997,29998]} 1. d4 Nf6 2. c4 e6 3. Nf3 Bb4+ 4. Bd2 Qe7 5. Nc3 O-O 6. g3 d6 7. Bg2 c5 {[#] 7...Bxc3 is setting a new trend. E11: Bogo-Indian.} 8. e3 $146 ({Predecessor:} 8. O-O Nc6 9. a3 Bxc3 10. Bxc3 e5 11. d5 Nd4 {½-½ (11) Sloth,J (2310)-Hecht,H (2377) Thessaloniki 2011}) 8... e5 9. O-O Nc6 {[#]} (9... e4 $11 10. Ng5 Bxc3 11. Bxc3 h6) 10. a3 (10. Nd5 $1 $16 {[%cal Rd5e7]} Nxd5 11. cxd5) 10... Bxc3 $1 $11 11. Bxc3 Bg4 {White must now prevent ...e4.} 12. h3 $36 {[%mdl 2048] Black is under pressure.} Bh5 (12... Bxf3 $11 {remains equal.} 13. Bxf3 e4) 13. g4 $16 {Strongly threatening dxe5.} Bg6 14. Nh4 (14. d5 $16 Nb8 15. Nh4) 14... Rae8 (14... exd4 $1 $14 15. exd4 (15. Nxg6 hxg6 16. exd4 Ne4 $14) 15... Ne4 16. Nxg6 hxg6) 15. Nxg6 fxg6 16. dxc5 dxc5 17. b4 ({Better is} 17. g5 $16 Nd7 18. Qg4) 17... cxb4 {Now Black is done in.} ({Black should try} 17... e4 $14) 18. axb4 $18 e4 19. Qb3 {Threatens to win with b5.} Ne5 (19... Rf7 $16 20. Rfd1 h5) 20. Bxe5 Qxe5 21. Rxa7 h5 (21... Re7 {is a better defense.} 22. Rd1 h6) 22. gxh5 ({Not} 22. Rxb7 hxg4 23. Rb5 Qe6 $16) 22... Qxh5 $2 (22... Qb8) 23. Rxb7 Re5 {and the idea ...Rg5 leaves Black hopeful.} 24. Rb5 (24. c5+ $142 Kh7 25. Qd1) 24... Kh7 $2 (24... Rxb5 {is tougher.} 25. cxb5+ Kh7) 25. Rxe5 Qxe5 26. Qa4 Nh5 $2 (26... Qb2 27. b5 Rc8) 27. Qa5 Qc3 28. Bxe4 {White wants to mate with Qxh5+.} Ng3 29. Qc5 Rxf2 $2 {[#]} (29... Qf6 30. Qc6 Nxf1 31. Qxf6 gxf6) 30. Bxg6+ $1 {[%mdl 512]} Kxg6 31. Rxf2 {[%mdl 4096] Endgame KQR-KQN} Qe1+ 32. Kg2 Qxf2+ 33. Kxf2 {White mates.} Ne4+ 34. Kf3 Nxc5 35. bxc5 {KP-KP} Kf5 36. c6 Ke6 37. c5 Ke7 38. Ke4 Kd8 39. Kd5 Kc7 40. h4 Kc8 41. Kd6 Kb8 42. Kd7 Ka8 43. c7 Ka7 44. c8=Q {Accuracy: White = 59%, Black = 38%.} 1-0

[Event "29th CRO-chT Junior 2020"]
[Site "Cakovec"]
[Date "2020.07.14"]
[Round "2.16"]
[White "Markovic, Marko"]
[Black "Colev, Ivor"]
[Result "1-0"]
[WhiteElo "2232"]
[BlackElo "1893"]
[Annotator "TA"]
[PlyCount "115"]
[EventDate "2020.07.14"]
[EventType "team-tourn"]
[EventCountry "CRO"]
[SourceTitle "playchess.com"]
[Source "ChessBase"]
[SourceQuality "1"]

{[%evp 15,115,30,54,25,31,0,8,7,6,0,0,4,0,-64,-60,-82,-84,-87,-21,-83,-73,-73,-82,-78,-67,-74,-66,-85,-77,-85,-68,-70,-47,-39,21,-28,118,62,62,66,60,43,61,39,84,84,207,190,261,250,276,265,333,330,296,287,542,542,535,512,503,526,512,414,649,649,641,636,563,531,634,613,644,540,528,519,535,485,941,931,947,941,815,755,747,746,1045,1035,973,972,2289,2312,2179,2064,1622,1366,29978,29979,29989,29990,29990,29991]} 1. d4 f5 2. Nf3 Nf6 3. g3 g6 4. Bg2 Bg7 5. O-O d6 6. b3 O-O 7. c4 c6 8. Bb2 Qc7 9. Re1 {A87: Dutch Defence: Leningrad System: 5 Nf3.} Ne4 10. Nc3 Nxc3 11. Bxc3 {The position is equal.} e5 12. dxe5 dxe5 13. e4 {[#]} f4 $146 ({Predecessor:} 13... Rd8 14. Qe2 fxe4 15. Ng5 Bf5 16. Nxe4 Na6 17. b4 Qe7 18. c5 Bxe4 19. Qxe4 Qg5 {1-0 (38) Recalde,A (2043)-Marmol Villalba,J Asuncion 2001}) 14. Qc2 (14. c5 $11) 14... Bg4 15. gxf4 Rxf4 16. Re3 Nd7 (16... c5 $17 17. Ne1 b6) 17. h3 (17. Ne1 $11) 17... Bxf3 18. Rxf3 Rxf3 19. Bxf3 Nc5 20. Rd1 Ne6 21. Qb2 Qe7 22. Bd2 Nd4 23. Bg2 Qf6 24. Be3 Nf3+ ({Better is} 24... b6 $15) 25. Kh1 (25. Bxf3 $5 Qxf3 {[%mdl 64] Double Attack} 26. Qd2 $11) 25... Nh4 (25... Qe6 $11) 26. Qd2 (26. Rd7 $16) 26... Nxg2 $14 27. Kxg2 Rf8 28. Qe2 h5 29. a4 Qh4 30. Bxa7 g5 {Loses the game.} (30... Rf7 $16) 31. Rd3 $18 Kh8 (31... Rf7 $142 32. f3 Bf8) 32. Rg3 Bh6 33. Bc5 Rf4 34. f3 Rf7 35. Qd2 Qf4 $2 {[#]} (35... Kh7 {keeps fighting.}) 36. Be3 Qf6 37. Bxg5 Bxg5 38. Qxg5 Qxg5 39. Rxg5 {[%mdl 4096] Endgame KR-KR} Re7 (39... h4 $142 40. Rxe5 Kg7) 40. Rxh5+ Kg7 41. Kf2 Kg6 42. Rh4 Kf6 43. Ke3 Rg7 44. Rg4 {[#] And now Rxg7 would win.} Rh7 45. h4 Ke6 46. h5 Kf6 (46... Rxh5 $142 47. Rg7 b6) 47. Rg6+ Kf7 48. Rg5 Kf6 49. Rf5+ Ke6 50. b4 Rh8 51. f4 exf4+ 52. Kxf4 Rd8 53. h6 Rh8 54. Kg5 Rg8+ 55. Kh5 Rg1 56. h7 {White mates.} Ke7 57. Kh6 Rh1+ 58. Rh5 {Accuracy: White = 84%, Black = 47%.} 1-0

[Event "29th CRO-chT Junior 2020"]
[Site "Cakovec"]
[Date "2020.07.14"]
[Round "2.17"]
[White "Alfirevic, Duje"]
[Black "Muha, Miljenko"]
[Result "0-1"]
[WhiteElo "2011"]
[BlackElo "2310"]
[Annotator "TA"]
[PlyCount "132"]
[EventDate "2020.07.14"]
[EventType "team-tourn"]
[EventCountry "CRO"]
[SourceTitle "playchess.com"]
[Source "ChessBase"]
[SourceQuality "1"]

{[%evp 10,132,22,19,21,22,19,14,23,0,19,5,8,9,15,0,0,-8,-6,-9,-5,-9,-10,-27,-4,-40,-34,-41,-33,-41,-36,-28,-24,-62,-42,-53,-64,-60,-68,-56,-64,-111,-110,-106,-112,-125,-123,-117,-120,-112,-101,-102,-105,-139,-129,-161,-169,-195,-155,-273,-206,-266,-102,-118,-127,-188,-10,-25,-25,-78,0,0,0,-291,-282,-266,-255,-255,-255,-254,-254,-219,-139,-139,-139,-597,-139,-139,-15,-139,-15,-15,-15,-139,-139,-139,-139,-139,-139,-139,-139,-6859,-1802,-9472,-6617,-29960,-29966,-29964,-29966,-29976,-29976,-29978,-29967,-29966,-29967,-29965,-29966,-29974,-29975,-29988,-29989,-29992,-29993,-29993,-11506]} 1. e4 e6 2. d4 d5 3. Nd2 c5 4. Ngf3 cxd4 5. exd5 Qxd5 6. Bc4 Qd7 {C07: French Tarrasch: 3...c5, 4 Ngf3 and 4 exd5 Qxd5.} 7. O-O Nc6 8. Nb3 {[%cal Rb3d4]} a6 {The position is equal.} 9. Re1 {[%cal Rf3d4]} Bb4 10. Bd2 Bxd2 11. Qxd2 Nf6 {[#]} 12. Qg5 $146 ({Predecessor:} 12. Qf4 b5 13. Bf1 O-O 14. Rad1 Ra7 15. Nbxd4 Nxd4 16. Rxd4 Qc7 17. Qd2 Bb7 18. Ne5 {1-0 (49) Gorbatov,A (2389)-Bluebaum,K (2253) Riga 2018}) 12... O-O 13. Rad1 {[%cal Rb3d4]} b5 14. Be2 {[%cal Rf3d4]} Qc7 15. Nfxd4 Nxd4 16. Nxd4 Bb7 17. Bd3 Rad8 $36 {[%mdl 2048] Black has good play.} 18. Ne2 Rd5 19. Qg3 Qc5 20. h4 Rfd8 21. Nf4 R5d7 22. Qg5 Qxg5 23. hxg5 {[#]} Ne4 $1 {[%mdl 512]} 24. Nh3 (24. Bxe4 Rxd1) 24... Nc5 {[%cal Rc5d3]} 25. Re3 {[#]} Be4 $1 {[%cal Re4d3][%mdl 512]} 26. Nf4 (26. Bxe4 Rxd1+) 26... e5 27. Ne2 Bxd3 28. cxd3 Nxd3 29. b3 f6 30. gxf6 gxf6 31. Ng3 Kf7 32. Ne4 Rd4 33. f3 h6 34. g4 (34. Rd2 $17) 34... Kg6 35. Rd2 {[#]} b4 $2 (35... Nc5 $1 $19 {[%mdl 512]} 36. Rxd4 (36. Nxc5 Rxd2) 36... exd4) 36. Rc2 $17 Nf4 {Hoping for ...Rd1+.} 37. Rc6 (37. Kf1 $17 {was necessary.}) 37... Nd5 $2 ({Black should try} 37... Rd1+ $19 38. Kh2 Rf8) 38. Re1 a5 39. Rec1 (39. Kh2 $11 {remains equal.}) 39... Rxe4 (39... Ra8 $17) 40. fxe4 $11 Nc3 41. R1xc3 $4 {[%mdl 8192]} (41. Rf1 $11 Nxe4 42. Rf5) 41... bxc3 $19 42. Rxc3 $11 {[%mdl 4096] Endgame KR-KR} Rd2 43. a4 Rb2 44. Rc5 Rxb3 45. Rxa5 Rb4 46. Ra8 Rxe4 47. Kh2 $2 {[%mdl 8192]} (47. Kf2 $17) 47... Re2+ $2 (47... h5 $19 {is more deadly.} 48. gxh5+ Kxh5) 48. Kg3 $17 Re3+ (48... h5 $1 $17 {aiming for ...Re3+.} 49. gxh5+ Kxh5) 49. Kh4 (49. Kf2 $11 Re4 50. a5) 49... Ra3 (49... Re4 $1 $17 50. Kg3 h5 51. gxh5+ Kxh5) 50. a5 $11 Ra4 {And now ...h5 would win.} 51. Kg3 {[#] Black keeps a firm grip on the game.} (51. a6 $11) 51... h5 $1 $17 {[%cal Rh5g4]} 52. gxh5+ Kxh5 53. a6 {Black must now prevent a7.} Ra3+ 54. Kf2 Kg4 {...f5 is the strong threat.} 55. Ke2 $2 {[%mdl 8192]} (55. a7 $17 Kf4 56. Rf8 Ra2+ 57. Ke1 Rxa7 58. Rxf6+ Ke3 59. Kd1) 55... Kf4 (55... f5 $142 56. a7 Kf4) 56. Kd2 f5 57. Kc2 e4 {Black mates.} 58. Kb2 Ra5 59. Kc3 e3 60. a7 Ra2 61. Kd3 Rd2+ 62. Kc3 {[#]} Rd7 $1 {[%cal Rd7e7]} 63. Kc4 Re7 64. Kd3 e2 65. Rf8 Re3+ 66. Kc4 Ra3 {Accuracy: White = 50%, Black = 70%.} (66... e1=Q $142 67. Rxf5+ Kxf5 68. a8=Q Rc3+ 69. Kb4 Rc8+ {[%mdl 64] Discovered Attack} 70. Ka3 Qa1+ 71. Kb4 Qb2+ 72. Ka5 Rxa8#) 0-1

[Event "29th CRO-chT Junior 2020"]
[Site "Cakovec"]
[Date "2020.07.14"]
[Round "2.18"]
[White "Cvitan, Ena"]
[Black "Dumancic, Simun"]
[Result "1-0"]
[WhiteElo "2258"]
[BlackElo "1896"]
[Annotator "TA"]
[PlyCount "75"]
[EventDate "2020.07.14"]
[EventType "team-tourn"]
[EventCountry "CRO"]
[SourceTitle "playchess.com"]
[Source "ChessBase"]
[SourceQuality "1"]

{[%evp 33,75,8,16,0,20,0,0,0,0,0,0,-12,0,0,0,0,0,0,0,-11,-18,-22,0,0,14,0,0,0,79,59,96,96,267,253,385,393,402,409,732,725,720,727,684,677]} 1. d4 Nf6 2. c4 g6 3. Nc3 d5 4. cxd5 Nxd5 5. e4 Nxc3 6. bxc3 Bg7 7. Bc4 c5 8. Ne2 O-O 9. O-O Nc6 10. Be3 Bg4 11. f3 Na5 12. Bxf7+ Rxf7 13. fxg4 Rxf1+ 14. Kxf1 Qd7 15. Kg1 Qxg4 16. Qd3 cxd4 17. cxd4 Rc8 18. h3 {D88: Exchange Grünfeld: Classical Line: 10 Be3 cxd4 11 cxd4.} Qd7 19. Rf1 Nc4 {[#]} 20. Bf2 $146 {The position is equal.} ({Predecessor:} 20. d5 Nxe3 21. Qxe3 e6 22. Nf4 exd5 23. exd5 Rf8 24. Qd3 Qd6 25. Ne6 Rxf1+ 26. Kxf1 {1-0 (59) Naumkin,I (2410)-Girshgorn,L (2038) Moscow 2018}) 20... Bh6 21. Nc3 e6 22. d5 Bg7 23. Bd4 ({Don't go for} 23. Bxa7 $2 b6 $19) 23... Ne5 24. Qe3 a6 25. Kh1 Nc4 26. Qd3 e5 27. Bg1 b5 28. Nd1 Rf8 29. Rxf8+ (29. Nf2 {keeps more tension.} Qe7 30. Qe2 Qg5 31. Re1 Rc8 32. Nd3) 29... Bxf8 30. Ne3 Nxe3 (30... Qc7 $11) 31. Qxe3 $16 Qd6 32. Qc3 h5 $2 {[#] Loses the game.} (32... Kf7 $16 {keeps fighting.}) 33. Bh2 $1 $18 Bg7 {[#]} (33... h4 $142 34. Bxe5 Qc5) 34. Qc6 $1 {[%cal Rc6d6]} Bf8 35. Qe8 Kh7 (35... Qf6 $142 36. Bxe5 Qf1+ 37. Kh2 Qf7) 36. Bxe5 {White is clearly winning.} Qe7 37. Qxe7+ Bxe7 38. Bc7 {Accuracy: White = 100%, Black = 59%.} 1-0